Statistiken für Nenne alle "stan" Länder (Auch die Inoffiziellen)

Klicken Sie hier um das Quiz zu spielen!

Allgemein

  • Dieses Quiz wurde 223 mal gespielt
  • Das Durchschnittsergebnis liegt bei 7 aus 11

Antwortstatistiken

Land% Korrekt
Usbekistan
97%
Tadschikistan
96%
Turkmenistan
96%
Kirgisistan
95%
Afghanistan
94%
Kasachstan
93%
Pakistan
92%
Kurdistan
43%
Tatarstan
7%
Belutschistan
4%
Uiguristan
2%

Verteilung der Resultate

Perzentil nach korrekt beantworteten Fragen

Anzahl Personen mit jedem Resultat

Ihre Resultats-Entwicklung

Sie haben dieses Quiz noch nicht gespielt